Central Library OPAC University of Rajshahi

আব্দুল আজিজ খান স্মারকগ্রন্থ / (Record no. 74316)

MARC details
000 -LEADER
fixed length control field 01093nam a2200265 a 4500
001 - CONTROL NUMBER
control field 74316
003 - CONTROL NUMBER IDENTIFIER
rucl marc code BD-RjUL
005 - DATE AND TIME OF LATEST TRANSACTION
control field 20211209082533.0
008 - FIXED-LENGTH DATA ELEMENTS--GENERAL INFORMATION
fixed length control field 180704s2017 b afo|| |||| 00| 0aeng d
020 ## - INTERNATIONAL STANDARD BOOK NUMBER
Terms of availability Tk.600.00
035 ## - SYSTEM CONTROL NUMBER
System control number (BD-RjUL)74534
040 ## - CATALOGING SOURCE
Original cataloging agency BD-RjUL
Language of cataloging eng
Transcribing agency BD-RjUL
041 ## - LANGUAGE CODE
Language code of text/sound track or separate title ben
082 ## - DEWEY DECIMAL CLASSIFICATION NUMBER
Edition number 23
Classification number 370.92
Author mark and year ABD 2017
245 ## - TITLE STATEMENT
Title আব্দুল আজিজ খান স্মারকগ্রন্থ /
Statement of responsibility, etc. সম্পাদক ; মোঃ হুমায়ুন কবির , তহিদুর রহমান
260 ## - PUBLICATION, DISTRIBUTION, ETC. (IMPRINT)
Place of publication, distribution, etc. সিলেট ঃ
Name of publisher, distributor, etc. আব্দুল আজিজ খানফাউন্ডেশন ,
Date of publication, distribution, etc. ২০১৭
300 ## - PHYSICAL DESCRIPTION
Pagination ৫০৩ পৃ. ঃ
Illustrations চিত্র ;
Size ২৩ সেমি.
600 ## - SUBJECT ADDED ENTRY--PERSONAL NAME
Personal name খান, আব্দুল আজিজ
Personal name Khan, Abdul Aziz
650 ## - SUBJECT ADDED ENTRY--TOPICAL TERM
Topical term or geographic name as entry element আত্মজীবনী
9 (RLIN) 221624
Topical term or geographic name as entry element Autobiography
9 (RLIN) 221625
700 ## - ADDED ENTRY--PERSONAL NAME
Personal name কবির, মোঃ হুমায়ুন
Personal name রহমান, তহিদুর
942 ## - ADDED ENTRY ELEMENTS (KOHA)
Source of classification or shelving scheme Dewey Decimal Classification
Koha item type Books
Holdings
Lost status Source of classification or shelving scheme Damaged status Not for loan Collection code Permanent Location Current Location Shelving location Date acquired Source of acquisition Cost, normal purchase price Total Checkouts Full call number Date last seen Copy number Koha item type
  Dewey Decimal Classification   Not For Loan Non-fiction Central Library, University of Rajshahi Central Library, University of Rajshahi Reading Room 09/12/2021 Author 600.00   B 370.92 ABD 2017 04/07/2018 C-1 Books